000 00368 a2200169 4500
001 188370
020 _a978-85-01-07391-4
040 _cMagnum
100 _aRobinson, Peter
240 1 0 _aBrincando com fogo
_lpor
245 1 0 _aBrincando com fogo
300 _a410
362 0 _a2007
440 1 _aRecord
697 _aLITERATURA GERAL ESTRANGEIRA
942 _cBK
999 _c188370
_d188370